000 00701nam a2200181Ia 4500
008 090123s9999 xx 000 0 und d
082 _b1536
_a891.462/कोल्हट
100 _aकोल्हटकर बाळकृष्ण हरि
245 _aवेगळं व्हायचयं मला
250 _a2
260 _bसुलभ मुद्रणालय
300 _a75
600 _aकोल्हटकर बाळकृष्ण हरि
630 _aवेगळं व्हायचयं मला
700 _aकोल्हटकर बाळकृष्ण हरि
730 _aवेगळं व्हायचयं मला
942 _cBOOK
999 _c39618
_d39618